000 02171nam2a2200337 4500
001 RU\NLR\BIBL_A\022386649
005 20241212135029.0
010 _a978-5-91476-155-1
_9100
021 _aRU
_bКН-П-24-062201
_9КН-П-24-6182
035 _a(NLR Aleph) 022386649
090 _a13331193
_c13331193
100 _a20241120d2024 k y0rusy50 ca
101 0 _arus
102 _aRU
105 _aach|z|||010zy
200 0 _aТ. 5
_eисследования, материалы, публикации
_fредакционная коллегия: А. В. Пигин (ответственный редактор) [и др.]
210 _d2024
215 _a446, [1] с., [9] л. ил., портр., цв. ил., факс.
_cфакс., табл.
300 _aК юбилею медиевиста, исслед. рус. агиографии, д-ра филол. наук С. А. Семячко
320 _aБиблиогр. в подстроч. примеч.
320 _aСписок науч. работ С. А. Семячко (Якуниной): с. 430-442
461 0 _1001RU\NLR\bibl\1875742
_12001#$aРусская агиография$eисследования, публикации, полемика$fИн-т рус. лит. (Пушк. дом) Рос. акад. наук$g[отв. ред.: Т.Р. Руди, С.А. Семячко]$vТ. 5
_92590286
_cСанкт-Петербург
_d2011–
_fИн-т рус. лит. (Пушк. дом) Рос. акад. наук
_nПушкинский дом
_oисследования, материалы, публикации
_tРусская агиография
_vТ. 5
600 1 _aСемячко
_bС. А.
_gСветлана Алексеевна
_f1964
_2nlr_sh2
_3RU\NLR\AUTH\6601748482
686 2 _aШ4г(2)7дСемячко
702 1 _4340
_7ca
_8rus
_aПигин
_bА. В.
_f1962-
_gАлександр Валерьевич
_9112485
_3RU\NLR\AUTH\772473
702 1 _4570
_aСемячко
_bС. А.
_f1964-
_gСветлана Алексеевна
_9144159
_3RU\NLR\AUTH\770144195
942 _cBOOK
980 _aNB